[Event "GBR-ch79"]
[Site "Plymouth"]
[Date "1992.08.03"]
[Round "1.1"]
[White "Ryan, Joseph"]
[Black "Hodgson, Julian M"]
[Result "0-1"]
[WhiteElo "2275"]
[BlackElo "2555"]
[Annotator "Bulletin"]
[PlyCount "62"]
[EventDate "1992.08.03"]
[EventType "swiss"]
[EventRounds "11"]
[EventCountry "GBR"]
[SourceTitle "BritBase"]
[Source "John Saunders"]
[SourceDate "2020.10.09"]
[SourceVersion "1"]
[SourceVersionDate "2020.10.09"]
[SourceQuality "1"]

1. e4 c5 2. Nf3 d6 3. d4 cxd4 4. Nxd4 Nf6 5. Nc3 a6 6. Be3 Ng4 7. Bg5 h6 8. Bh4
g5 9. Bg3 Bg7 10. Qd2 Nc6 11. Nb3 Be6 12. h4 Rg8 13. hxg5 hxg5 14. f3 {[ 14.
Be2!? ]} Nge5 15. Nd5 $1 {[ 15.Qxg5?? Nxf3+ /\ Bxc3+ +- ]} b5 16. Bf2 (16. Qxg5
Nxf3+ (16... Nc4 17. Rh8 $5 {[ Commentary room ]}) 17. gxf3 Bc3+ 18. bxc3 Rxg5
19. Rh8+ Kd7 20. Rxd8+ Kxd8) 16... Rb8 17. Qxg5 Nc4 $1 $13 18. Bxc4 bxc4 19.
Nd4 Qa5+ 20. Kf1 Bxd4 $1 {[ 20..Kd7!? commentary room ]} 21. Qxg8+ Kd7 22. Qxb8
$1 {[#]} Nxb8 23. Bxd4 Bxd5 24. Bc3 Qc5 25. Rh5 $6 {[ Time trouble ]} e5 26.
exd5 Qxd5 27. Ke2 Qe6 28. Rd1 Nc6 29. Kf2 Kc7 30. f4 $2 Qg4 31. Rh3 $4 Qxd1 0-1

[Event "GBR-ch79"]
[Site "Plymouth"]
[Date "1992.08.03"]
[Round "1.3"]
[White "Rayner, Francis"]
[Black "Mestel, A Jonathan"]
[Result "0-1"]
[WhiteElo "2270"]
[BlackElo "2510"]
[Annotator "Bulletin"]
[PlyCount "66"]
[EventDate "1992.08.03"]
[EventType "swiss"]
[EventRounds "11"]
[EventCountry "GBR"]
[SourceTitle "BritBase"]
[Source "John Saunders"]
[SourceDate "2020.10.09"]
[SourceVersion "1"]
[SourceVersionDate "2020.10.09"]
[SourceQuality "1"]

1. c4 g6 2. Nc3 c5 3. g3 Bg7 4. Bg2 d6 5. Nf3 Nc6 6. O-O e5 7. a3 Nge7 {
[ 7..a5 ]} 8. b4 O-O 9. Rb1 f5 {[ White cannot prevent e4, if 10.d3 e4 ]} 10.
Ne1 Be6 11. Nd5 e4 12. d3 Nxd5 13. cxd5 Bxd5 14. dxe4 $5 {[ 14.bxc5 ]} Ba2 $5 {
[ Very risky ]} 15. Rb2 Bxb2 16. Bxb2 fxe4 17. Bxe4 d5 {[#]} 18. Bg2 b6 $1 19.
Qd2 $6 {[ 19.Nd3 ]} Qd6 20. Nd3 Bc4 21. bxc5 bxc5 22. e3 Rab8 23. Rb1 $2 {
[ Now White is worse, 23.Ba1 Rb3 24.Nf4 was still unclear ]} d4 $1 $17 24. Qc2
Bxd3 25. Qxd3 Ne5 26. Qe4 d3 27. f4 (27. Qd5+ Qxd5 28. Bxd5+ Nf7 $19) 27... d2
28. Rd1 Rxb2 29. fxe5 Qe6 30. Bf1 Qf5 31. Bc4+ Kg7 32. Qd5 Qf2+ 33. Kh1 Qe1+
0-1

[Event "GBR-ch79"]
[Site "Plymouth"]
[Date "1992.08.03"]
[Round "1.4"]
[White "Howell, James C"]
[Black "Swan, Iain"]
[Result "1-0"]
[WhiteElo "2465"]
[BlackElo "2270"]
[Annotator "Bulletin"]
[PlyCount "73"]
[EventDate "1992.08.03"]
[EventType "swiss"]
[EventRounds "11"]
[EventCountry "GBR"]
[SourceTitle "BritBase"]
[Source "John Saunders"]
[SourceDate "2020.10.09"]
[SourceVersion "1"]
[SourceVersionDate "2020.10.09"]
[SourceQuality "1"]

1. e4 c5 2. Nf3 e6 3. d4 cxd4 4. Nxd4 Nf6 5. Nc3 Nc6 6. Nxc6 bxc6 7. e5 Nd5 8.
Ne4 Qc7 9. f4 Qb6 10. c4 Bb4+ 11. Ke2 f5 12. Nf2 Ba6 13. Kf3 Ne7 14. Be3 Bc5
15. Bxc5 Qxc5 16. Qd6 Qb6 17. b3 c5 18. Rd1 Bb7+ 19. Kg3 Kf7 20. Be2 Rhd8 21.
Bh5+ g6 22. Bf3 Bxf3 23. Kxf3 Qb7+ (23... Nc8 $1 $10 24. Qxb6 axb6 25. a4 Ne7 {
[ /\ Nc6-d4 =+ ]}) 24. Kg3 g5 25. fxg5 h6 26. h4 f4+ 27. Kh2 hxg5 28. hxg5 Nf5
29. Qd3 Rh8+ 30. Kg1 Rxh1+ 31. Kxh1 Ke7 32. Ng4 Rh8+ 33. Kg1 Ng3 34. Nf6 Rh1+
35. Kf2 Rxd1 36. Qxd1 Nf5 37. Qh5 1-0

[Event "GBR-ch79"]
[Site "Plymouth"]
[Date "1992.08.03"]
[Round "1.5"]
[White "Griffiths, Paul V"]
[Black "Arkell, Keith C"]
[Result "0-1"]
[WhiteElo "2260"]
[BlackElo "2460"]
[PlyCount "118"]
[EventDate "1992.08.03"]
[EventType "swiss"]
[EventRounds "11"]
[EventCountry "GBR"]
[SourceTitle "BritBase"]
[Source "John Saunders"]
[SourceDate "2020.10.09"]
[SourceVersion "1"]
[SourceVersionDate "2020.10.09"]
[SourceQuality "1"]

1. b3 e5 2. Bb2 d6 3. e3 c5 4. g3 Nc6 5. Bg2 f5 6. Ne2 Nf6 7. O-O Be7 8. d4
cxd4 9. exd4 e4 10. d5 Ne5 11. f3 exf3 12. Bxf3 Nxf3+ 13. Rxf3 O-O 14. Nf4 Ne4
15. Nh5 Rf7 16. Nc3 Ng5 17. Rf1 g6 18. Nf4 Bf6 19. Rb1 Bd7 20. Nce2 Qb6+ 21.
Kg2 Bxb2 22. Rxb2 Re8 23. Nd4 Rfe7 24. c4 Re4 25. Rd2 R4e5 26. Nf3 Nxf3 27.
Qxf3 Qa5 28. Rdf2 b5 29. Rb1 Re3 30. Qd1 Qc3 31. Rc1 Qe5 32. Qc2 bxc4 33. bxc4
g5 34. Ne6 Bxe6 35. dxe6 f4 36. Rb1 f3+ 37. Kg1 Re1+ 38. Rxe1 Qxe1+ 39. Rf1
Qe3+ 40. Qf2 Rxe6 41. Qxe3 Rxe3 42. Rd1 g4 43. h3 gxh3 44. Kf2 Rc3 45. Rxd6 Kg7
46. Rd4 h2 47. Rg4+ Kf6 48. Rh4 Rxc4 49. Rxh7 Rc2+ 50. Kxf3 Rxa2 51. g4 a5 52.
Kf4 Kg6 53. Rh5 a4 54. Rg5+ Kf6 55. Rf5+ Ke6 56. Re5+ Kd6 57. Re1 a3 58. Rd1+
Ke6 59. g5 Rg2 0-1

[Event "GBR-ch79"]
[Site "Plymouth"]
[Date "1992.08.03"]
[Round "1.7"]
[White "Smith, Andrew Philip"]
[Black "Levitt, Jonathan"]
[Result "1/2-1/2"]
[WhiteElo "2240"]
[BlackElo "2455"]
[PlyCount "86"]
[EventDate "1992.08.03"]
[EventType "swiss"]
[EventRounds "11"]
[EventCountry "GBR"]
[SourceTitle "BritBase"]
[Source "John Saunders"]
[SourceDate "2020.10.09"]
[SourceVersion "1"]
[SourceVersionDate "2020.10.09"]
[SourceQuality "1"]

1. e4 e6 2. d4 d5 3. Nc3 Bb4 4. e5 c5 5. a3 Bxc3+ 6. bxc3 Ne7 7. Qg4 Kf8 8. Nf3
Qc7 9. Bd3 cxd4 10. O-O dxc3 11. a4 Nd7 12. Ba3 Nc5 13. Rfe1 Kg8 14. Nd4 Bd7
15. Re3 Re8 16. Rg3 Ng6 17. Bxc5 Qxc5 18. Nf3 Rc8 19. h4 h5 20. Qg5 Qe7 21. Qe3
Nxh4 22. Nxh4 Qxh4 23. Qxa7 Qb4 24. Qe3 h4 25. Rf3 Qe7 {[ 25..Qg4 ]} 26. a5 Rh5
27. a6 bxa6 28. Bxa6 Rc7 29. Bd3 Bc6 30. Qd4 Bb7 31. Re1 Rh6 32. Rh3 Rc8 33.
Rb1 Rc7 34. Rb3 Qd7 35. Rxc3 Rxc3 36. Qxc3 d4 37. Qd2 Qd5 38. f4 Rh5 39. Qf2 g6
40. Qe2 Kg7 41. Qf2 Rh8 42. Bf1 g5 43. Rd3 Rd8 1/2-1/2

[Event "GBR-ch79"]
[Site "Plymouth"]
[Date "1992.08.03"]
[Round "1.8"]
[White "Ward, Christopher R"]
[Black "Coleman, David"]
[Result "1-0"]
[WhiteElo "2440"]
[BlackElo "2235"]
[PlyCount "85"]
[EventDate "1992.08.03"]
[EventType "swiss"]
[EventRounds "11"]
[EventCountry "GBR"]
[SourceTitle "BritBase"]
[Source "John Saunders"]
[SourceDate "2020.10.09"]
[SourceVersion "1"]
[SourceVersionDate "2020.10.09"]
[SourceQuality "1"]

1. d4 Nf6 2. c4 g6 3. Nc3 Bg7 4. e4 d6 5. f3 O-O 6. Be3 Nc6 7. Qd2 a6 8. Nge2
Rb8 9. g4 Bd7 $2 {[ 9..b5 / e5 / Re8 ]} 10. h4 e5 11. d5 Na5 12. Ng3 b5 13. h5
Qe7 14. cxb5 axb5 15. b4 Nc4 16. Bxc4 bxc4 17. Rb1 c6 18. dxc6 Bxc6 19. b5 Ba8
20. hxg6 fxg6 21. O-O Qe6 22. g5 Nd7 23. Nd5 Rfc8 24. Ne2 Nc5 25. Bxc5 Rxc5 26.
Nec3 Bf8 27. a4 Be7 28. Nxe7+ Qxe7 29. a5 d5 {[#]} 30. exd5 Rd8 31. Qe3 Bxd5
32. Rbd1 Rd7 33. Rfe1 Be6 34. a6 Bf5 35. Rxd7 Bxd7 36. a7 Rc8 37. Qxe5 Qf7 38.
Ne4 Bxb5 39. Nf6+ Kf8 40. Qd6+ Kg7 41. Re7 c3 42. Rxf7+ Kxf7 43. Qd5+ 1-0

[Event "GBR-ch79"]
[Site "Plymouth"]
[Date "1992.08.03"]
[Round "1.9"]
[White "Daly, Colm"]
[Black "Crouch, Colin S"]
[Result "1-0"]
[WhiteElo "2235"]
[BlackElo "2425"]
[PlyCount "73"]
[EventDate "1992.08.03"]
[EventType "swiss"]
[EventRounds "11"]
[EventCountry "GBR"]
[SourceTitle "BritBase"]
[Source "John Saunders"]
[SourceDate "2020.10.09"]
[SourceVersion "1"]
[SourceVersionDate "2020.10.09"]
[SourceQuality "1"]

1. c4 e6 2. Nf3 d5 3. b3 Nf6 4. Bb2 Be7 5. g3 c6 6. Bg2 b5 7. cxb5 cxb5 8. O-O
O-O 9. Nc3 a6 10. Ne5 Bb7 11. e3 Nfd7 12. Nxd7 Qxd7 13. Ne2 Nc6 14. Nf4 d4 15.
Rc1 e5 16. Nd3 f6 17. Qe2 Rad8 18. Rfd1 Rfe8 19. Be4 Nb4 20. Bxb7 Qxb7 21. exd4
Nxa2 22. Ra1 Nb4 23. Nxb4 Bxb4 24. dxe5 fxe5 25. Bc3 Bc5 26. b4 Ba7 27. d3 Rd6
28. Rf1 Rf6 29. Qa2+ Kh8 30. Rae1 Qc7 31. Qb2 Rfe6 32. Re4 Qd6 33. Rfe1 Qxd3
34. Bxe5 Kg8 35. Qa2 Qf3 36. Bd4 Kf8 37. Rxe6 1-0

[Event "GBR-ch79"]
[Site "Plymouth"]
[Date "1992.08.03"]
[Round "1.11"]
[White "Knox, David"]
[Black "Hennigan, Michael T"]
[Result "1-0"]
[WhiteElo "2230"]
[BlackElo "2400"]
[PlyCount "75"]
[EventDate "1992.08.03"]
[EventType "swiss"]
[EventRounds "11"]
[EventCountry "GBR"]
[SourceTitle "BritBase"]
[Source "John Saunders"]
[SourceDate "2020.10.09"]
[SourceVersion "1"]
[SourceVersionDate "2020.10.09"]
[SourceQuality "1"]

1. e4 d6 2. d4 Nf6 3. Nc3 g6 4. f4 Bg7 5. Nf3 c5 6. Bb5+ Bd7 7. e5 Ng4 8. e6
Bxb5 9. exf7+ Kd7 10. Ng5 h5 11. h3 Nh6 12. Qf3 Nc6 13. Qe4 Bc4 14. d5 Nd4 15.
b3 Ba6 16. Ne6 Nxe6 17. dxe6+ Kc8 18. Bb2 Qa5 19. Qf3 Bb5 20. O-O-O Bc6 21. Qg3
c4 22. Kb1 Kc7 23. Nd5+ Bxd5 24. Bxg7 Nf5 25. Qg5 Bxe6 26. Bxh8 Rxh8 27. g4 Kd7
28. Rhe1 Qa3 29. Qxg6 c3 30. Qxe6+ Kd8 31. Rxd6+ exd6 32. Qf6+ Kd7 33. Qxc3 Rf8
34. Qf6 Qa5 35. Rd1 hxg4 36. hxg4 Qd8 37. Qxf5+ Kc7 38. g5 1-0

[Event "GBR-ch79"]
[Site "Plymouth"]
[Date "1992.08.03"]
[Round "1.12"]
[White "Kumaran, Dharshan"]
[Black "Willmoth, Robert"]
[Result "1-0"]
[WhiteElo "2380"]
[BlackElo "2215"]
[PlyCount "109"]
[EventDate "1992.08.03"]
[EventType "swiss"]
[EventRounds "11"]
[EventCountry "GBR"]
[SourceTitle "BritBase"]
[Source "John Saunders"]
[SourceDate "2020.10.09"]
[SourceVersion "1"]
[SourceVersionDate "2020.10.09"]
[SourceQuality "1"]

1. d4 d5 2. c4 e6 3. Nc3 Nf6 4. cxd5 Nxd5 5. e4 Nxc3 6. bxc3 Nd7 7. Nf3 Be7 8.
Bd3 O-O 9. O-O c6 10. Qc2 Re8 11. a4 Qc7 12. e5 Nf8 13. c4 Rd8 14. Be4 Bd7 15.
Bg5 Be8 16. Bxe7 Qxe7 17. Rfb1 Rd7 18. a5 Rc8 19. c5 f5 20. exf6 gxf6 21. a6
Bh5 22. Qa4 bxa6 23. Qxa6 Rdc7 24. Nd2 Qg7 25. Bf3 Bxf3 26. Nxf3 Ng6 27. Ne1
Nh4 28. Rb3 Nf5 29. Qc4 Qd7 30. Nf3 Rd8 31. Re1 Kf7 32. Rb4 Qd5 33. Qc2 Rg8 34.
Kh1 Rg4 35. h3 Rg8 36. Qd3 Rd8 37. g4 Ng7 38. Kg2 Qxc5 39. Rb8 Qd5 40. Rxd8
Qxd8 41. Qxh7 Qd5 42. Rb1 Rd7 43. Rb8 Rd8 44. Rb7+ Rd7 45. g5 Rxb7 46. g6+ Ke8
47. Qg8+ Kd7 48. Qxg7+ Kc8 49. Qf8+ Qd8 50. g7 Rxg7+ 51. Qxg7 a5 52. h4 a4 53.
h5 a3 54. h6 a2 55. h7 1-0

[Event "GBR-ch79"]
[Site "Plymouth"]
[Date "1992.08.03"]
[Round "1.13"]
[White "Norman, Kenneth I"]
[Black "Basman, Michael J"]
[Result "1/2-1/2"]
[WhiteElo "2210"]
[BlackElo "2365"]
[PlyCount "59"]
[EventDate "1992.08.03"]
[EventType "swiss"]
[EventRounds "11"]
[EventCountry "GBR"]
[SourceTitle "BritBase"]
[Source "John Saunders"]
[SourceDate "2020.10.09"]
[SourceVersion "1"]
[SourceVersionDate "2020.10.09"]
[SourceQuality "1"]

1. d4 h6 2. g3 g5 3. Bg2 d5 4. c4 c6 5. cxd5 cxd5 6. Nc3 Nf6 7. Nf3 Bg7 8. Ne5
Nc6 9. O-O Bf5 10. Nxc6 bxc6 11. Na4 O-O 12. f3 Re8 13. Be3 Nd7 14. Rc1 Rc8 15.
b3 e6 16. Bf2 Bg6 17. Qd2 f5 18. Rfe1 Rf8 19. Nc5 Nxc5 20. Rxc5 f4 21. Rec1 Qd6
22. Bh3 Rc7 23. gxf4 gxf4 24. Qc3 Be8 25. Kh1 Kh8 26. Qd3 Rg8 27. Rg1 Bf6 28.
Rxg8+ Kxg8 29. e4 Bg5 30. e5 1/2-1/2

[Event "GBR-ch79"]
[Site "Plymouth"]
[Date "1992.08.03"]
[Round "1.14"]
[White "Collinson, Adam"]
[Black "Small, Simon"]
[Result "1/2-1/2"]
[WhiteElo "2360"]
[BlackElo "2245"]
[PlyCount "57"]
[EventDate "1992.08.03"]
[EventType "swiss"]
[EventRounds "11"]
[EventCountry "GBR"]
[SourceTitle "BritBase"]
[Source "John Saunders"]
[SourceDate "2020.10.09"]
[SourceVersion "1"]
[SourceVersionDate "2020.10.09"]
[SourceQuality "1"]

1. e4 c5 2. Nf3 d6 3. d4 cxd4 4. Nxd4 Nf6 5. Nc3 g6 6. Be3 Bg7 7. f3 O-O 8. Qd2
Nc6 9. O-O-O d5 10. Qe1 e5 11. Nxc6 bxc6 12. exd5 Nxd5 13. Bc4 Be6 14. Ne4 h6
15. Bc5 f5 16. Bxf8 Qxf8 17. Nc3 Qc5 18. Bb3 e4 19. Nxd5 cxd5 20. g4 Kh7 21.
gxf5 gxf5 22. fxe4 fxe4 23. Qh4 Rf8 24. Rhg1 Rf5 25. c3 Bf6 26. Qg4 Bg5+ 27.
Kb1 Qe7 28. Qg3 Qf7 29. Bc2 1/2-1/2

[Event "GBR-ch79"]
[Site "Plymouth"]
[Date "1992.08.03"]
[Round "1.17"]
[White "Hamid, Rani"]
[Black "Ledger, Andrew"]
[Result "0-1"]
[WhiteElo "2135"]
[BlackElo "2335"]
[PlyCount "102"]
[EventDate "1992.08.03"]
[EventType "swiss"]
[EventRounds "11"]
[EventCountry "GBR"]
[SourceTitle "BritBase"]
[Source "John Saunders"]
[SourceDate "2020.10.09"]
[SourceVersion "1"]
[SourceVersionDate "2020.10.09"]
[SourceQuality "1"]

1. e4 c6 2. d4 d5 3. Nc3 g6 4. exd5 cxd5 5. Bf4 Nf6 6. h3 Bg7 7. Nf3 O-O 8. Bd3
Nc6 9. Bh2 Bf5 10. Bxf5 gxf5 11. O-O Ne4 12. Ne2 e6 13. c3 Kh8 14. Nf4 Rg8 15.
Nd3 Qe7 16. Bf4 Rae8 17. Kh2 f6 18. Nh4 Qf7 19. Be3 Bf8 20. Nf4 Bd6 21. Kh1
Bxf4 22. Bxf4 e5 23. Bh6 f4 24. Kh2 Rd8 25. dxe5 fxe5 26. g4 Qe6 27. g5 Nxg5
28. Bxg5 Rxg5 29. Qe2 Rdg8 30. Rg1 Qf6 31. Nf3 R5g6 32. Rxg6 Rxg6 33. Rg1 e4
34. Rxg6 hxg6 35. Ne1 f3 36. Qe3 Kg7 37. b4 Qe5+ 38. Kh1 d4 39. cxd4 Qxd4 40.
Nc2 Qxe3 41. fxe3 b5 42. Kh2 Kf6 43. Kg3 Ke5 44. a3 Kd5 45. Ne1 Kc4 46. h4 Kb3
47. Nxf3 exf3 48. Kxf3 Kxa3 49. Kf4 Kxb4 50. Kg5 Ne5 51. Kf6 Nf3 0-1

[Event "GBR-ch79"]
[Site "Plymouth"]
[Date "1992.08.04"]
[Round "2.1"]
[White "Hodgson, Julian M"]
[Black "Ansell, Simon"]
[Result "1-0"]
[WhiteElo "2555"]
[BlackElo "2305"]
[PlyCount "101"]
[EventDate "1992.08.03"]
[EventType "swiss"]
[EventRounds "11"]
[EventCountry "GBR"]
[SourceTitle "BritBase"]
[Source "John Saunders"]
[SourceDate "2020.10.09"]
[SourceVersion "1"]
[SourceVersionDate "2020.10.09"]
[SourceQuality "1"]

1. d4 Nf6 2. Bg5 e6 3. e4 h6 4. Bxf6 Qxf6 5. Nf3 d6 6. Nc3 Nd7 7. Qd2 a6 8. a4
g6 9. h4 Bg7 10. Be2 Qe7 11. a5 c6 {[ 11..h5 and 12..0-0 was better, Black
creates weaknesses on b6 and allows his bishop to become bad after h5 g5 and
these problems eventually lead to the loss of the game. ]} 12. Na4 e5 13. dxe5
dxe5 14. h5 $16 g5 15. Qc3 O-O 16. Nd2 Rb8 17. Bg4 Rd8 18. f3 Nf8 19. Bxc8
Rbxc8 20. O-O-O Ne6 21. Nb6 Rb8 22. g4 Nd4 23. Qc4 Bf8 24. Rhe1 Qf6 25. c3 Ne6
26. Qf1 Bc5 27. Ndc4 Bxb6 28. axb6 {[ Now the weakness of the b7 pawn would be
decisive in an endgame so White exchanges pieces ]} Nf8 29. Rxd8 Rxd8 30. Rd1
Qe7 31. Rxd8 Qxd8 32. Kc2 Qe7 33. Qd3 Nd7 34. Qd6 $18 {[#]} Qxd6 35. Nxd6 Nxb6
36. Nxb7 f6 37. Kb3 Kf8 38. Nd6 a5 39. Nf5 c5 40. c4 a4+ 41. Kc3 Na8 42. Nxh6
Nc7 43. Nf5 Ne6 44. Nd6 Nd4 45. Nb7 Nxf3 46. Nxc5 Nh2 47. Ne6+ Kf7 48. h6 Kg6
49. c5 Nxg4 50. c6 Nf2 51. Nc5 1-0

[Event "GBR-ch79"]
[Site "Plymouth"]
[Date "1992.08.04"]
[Round "2.2"]
[White "Ledger, Andrew"]
[Black "Hebden, Mark L"]
[Result "1/2-1/2"]
[WhiteElo "2335"]
[BlackElo "2510"]
[PlyCount "119"]
[EventDate "1992.08.03"]
[EventType "swiss"]
[EventRounds "11"]
[EventCountry "GBR"]
[SourceTitle "BritBase"]
[Source "John Saunders"]
[SourceDate "2020.10.09"]
[SourceVersion "1"]
[SourceVersionDate "2020.10.09"]
[SourceQuality "1"]

1. c4 g6 2. Nc3 Bg7 3. g3 Nf6 4. Bg2 O-O 5. Nf3 d6 6. O-O Nc6 7. d3 e5 8. Bg5
h6 9. Bxf6 Bxf6 10. Nd5 Bg7 11. Rb1 a5 12. a3 Nd4 13. e3 Ne6 14. Nd2 a4 15. f4
c6 16. Nc3 Nc5 17. Nde4 Nxe4 18. Bxe4 exf4 19. gxf4 Ra5 $1 {[#]} 20. Bg2 Re8
21. Qd2 Rh5 22. Qf2 Bh3 23. Ne4 Bxg2 24. Kxg2 Ra5 25. Qd2 Ra7 26. f5 d5 27.
fxg6 fxg6 28. cxd5 cxd5 29. Ng3 Qg5 30. Rf4 b5 31. d4 Rf7 32. Rxf7 Kxf7 33.
Rf1+ Kg8 34. Rf3 h5 35. Kf2 Qh4 36. Kg2 Qg4 37. Qe2 $1 {[ /\ h4 Rf8+ ]} Rb8 38.
Rf2 Qg5 39. Kh1 Kh7 40. Qd3 b4 41. axb4 Rxb4 42. Qd2 Rb3 43. Nf1 Qg4 44. Qc2
Qe6 45. Qc7 Qb6 46. Qxb6 Rxb6 47. Rc2 g5 48. Kg2 Kg6 49. Ng3 Bf8 50. Ne2 Bb4
51. h4 Bd6 52. hxg5 Kxg5 53. Nc3 Rb3 54. Nxd5 h4 55. Kh3 a3 56. bxa3 Rxa3 57.
Nc3 Bb4 58. Rg2+ Kf5 59. Rf2+ Ke6 60. Nd1 1/2-1/2

[Event "GBR-ch79"]
[Site "Plymouth"]
[Date "1992.08.04"]
[Round "2.4"]
[White "Mortazavi, Ali"]
[Black "Howell, James C"]
[Result "1/2-1/2"]
[WhiteElo "2320"]
[BlackElo "2465"]
[Annotator "Bulletin"]
[PlyCount "67"]
[EventDate "1992.08.03"]
[EventType "swiss"]
[EventRounds "11"]
[EventCountry "GBR"]
[SourceTitle "BritBase"]
[Source "John Saunders"]
[SourceDate "2020.10.09"]
[SourceVersion "1"]
[SourceVersionDate "2020.10.09"]
[SourceQuality "1"]

1. d4 Nf6 2. Bg5 Ne4 3. Bf4 c5 4. d5 Qb6 5. Nd2 Qxb2 6. Nxe4 Qb4+ 7. Qd2 Qxe4
8. e3 e6 9. dxe6 Qxe6 10. Ne2 b6 11. Nc3 Bb7 12. Rd1 Be7 13. Nb5 Na6 14. Bc4 {
[#]} (14. Nd6+ Bxd6 15. Bxd6 O-O-O $1 $15) (14. Bd6 $5 {[ Williams ]} Bf6 (
14... O-O 15. Bxe7 Qxe7 16. Qxd7 $16) (14... Bc6 $1 15. Bxe7 Kxe7 16. Nd6 Nb4
17. Bc4 $2 Qg6 18. Nxf7 Nxc2+ 19. Ke2 Qg4+ $19) 15. Bxc5 $3 $18) 14... d5 15.
Bxd5 Bxd5 16. Qxd5 Qxd5 17. Rxd5 Nb4 18. Nc7+ Kf8 19. Rd2 Rd8 20. Ke2 Rxd2+ 21.
Kxd2 f5 22. a3 Nc6 23. Kc3 Kf7 24. Rd1 g5 $1 25. Bg3 Rd8 (25... Rc8 26. Rd7 Nb8
$10) 26. Rd5 Rxd5 $10 27. Nxd5 Bd8 28. Kc4 Ke6 29. Bc7 Bxc7 30. Nxc7+ Kd7 31.
Nd5 Ke6 32. Nc7+ Kd7 33. Nd5 Ke6 34. Nc7+ 1/2-1/2

[Event "GBR-ch79"]
[Site "Plymouth"]
[Date "1992.08.04"]
[Round "2.5"]
[White "Arkell, Keith C"]
[Black "Knox, David"]
[Result "1/2-1/2"]
[WhiteElo "2460"]
[BlackElo "2230"]
[PlyCount "98"]
[EventDate "1992.08.03"]
[EventType "swiss"]
[EventRounds "11"]
[EventCountry "GBR"]
[SourceTitle "BritBase"]
[Source "John Saunders"]
[SourceDate "2020.10.09"]
[SourceVersion "1"]
[SourceVersionDate "2020.10.09"]
[SourceQuality "1"]

1. d4 Nf6 2. Nf3 g6 3. c4 d5 4. Nc3 Bg7 5. Bg5 dxc4 6. e4 c5 7. d5 b5 8. d6
Qxd6 9. e5 Qxd1+ 10. Rxd1 Nfd7 11. Nxb5 Na6 12. Bxc4 Nb6 13. Be2 h6 14. Bh4 g5
15. Bg3 O-O 16. O-O Be6 17. a3 Nc4 18. b3 Na5 19. b4 cxb4 20. axb4 Nxb4 21. Nc7
Bb3 22. Ra1 Rac8 23. Rxa5 Rxc7 24. Rb1 Rd8 25. h3 Bc4 26. e6 Rcc8 27. Bxc4 Rxc4
28. Rxa7 Nc6 29. exf7+ Kxf7 30. Rc7 Bf6 31. Kh2 Rd5 32. Re1 h5 33. Kh1 Rcc5 34.
h4 g4 35. Ng5+ Bxg5 36. hxg5 Rxg5 37. Bd6 Rcd5 38. Bxe7 Nxe7 39. Rcxe7+ Kf6 40.
R1e6+ Kf5 41. Rh6 g3 42. fxg3 Rxg3 43. Rxh5+ Rg5 44. Rhh7 Rd2 45. Rhf7+ Kg4 46.
Re1 Kh5 47. Rh7+ Kg6 48. Rh2 Ra2 49. Rb1 Rb5 1/2-1/2

[Event "GBR-ch79"]
[Site "Plymouth"]
[Date "1992.08.04"]
[Round "2.6"]
[White "Summerscale, Aaron"]
[Black "Emms, John M"]
[Result "1-0"]
[WhiteElo "2305"]
[BlackElo "2455"]
[PlyCount "37"]
[EventDate "1992.08.03"]
[EventType "swiss"]
[EventRounds "11"]
[EventCountry "GBR"]
[SourceTitle "BritBase"]
[Source "John Saunders"]
[SourceDate "2020.10.09"]
[SourceVersion "1"]
[SourceVersionDate "2020.10.09"]
[SourceQuality "1"]

1. Nf3 c5 2. e4 e6 3. d4 cxd4 4. Nxd4 a6 5. c4 Nf6 6. f3 Qc7 7. Nc3 Bc5 8. Be3
O-O 9. Qd2 d5 10. cxd5 exd5 11. Rc1 Qe7 12. Nf5 Bxf5 13. Nxd5 $1 $18 Nxd5 14.
Bxc5 Qe5 15. Bxf8 Nc6 16. Qxd5 Qxb2 17. Qd2 Qf6 18. Bc5 Rd8 19. Qc3 1-0

[Event "GBR-ch79"]
[Site "Plymouth"]
[Date "1992.08.04"]
[Round "2.7"]
[White "Bibby, Simon"]
[Black "Ward, Christopher R"]
[Result "1-0"]
[WhiteElo "2285"]
[BlackElo "2440"]
[Annotator "Bulletin"]
[PlyCount "81"]
[EventDate "1992.08.03"]
[EventType "swiss"]
[EventRounds "11"]
[EventCountry "GBR"]
[SourceTitle "BritBase"]
[Source "John Saunders"]
[SourceDate "2020.10.09"]
[SourceVersion "1"]
[SourceVersionDate "2020.10.09"]
[SourceQuality "1"]

1. d4 Nf6 2. Bg5 e6 3. e4 h6 4. Bxf6 Qxf6 5. Nf3 d6 6. Nc3 Nd7 7. Qd2 c6 8.
O-O-O e5 9. dxe5 Nxe5 (9... dxe5 10. Nb5 $5) 10. Nd4 $1 Be7 11. f4 Ng6 12. g3
Bd8 $6 13. h4 $1 $16 Ba5 14. Be2 h5 15. Rhe1 Bh3 16. Nf5 d5 17. g4 hxg4 18. Bd3
d4 19. e5 Qd8 20. Nd6+ Kf8 21. Bxg6 $1 {[#]} dxc3 22. bxc3 fxg6 23. f5 gxf5 24.
Qf4 Qe7 25. Nxf5 Qa3+ 26. Kb1 Kg8 27. Rd7 Rh5 28. Rxg7+ Kh8 29. Rg5 Rxg5 30.
Qxg5 Qf8 31. Qh5+ Kg8 32. Qg6+ Kh8 33. e6 Bxc3 34. Qh5+ Kg8 35. e7 Qe8 36. Qg5+
Kh8 37. Re6 Qg8 38. Rh6+ Qh7 39. Rxh7+ Kxh7 40. Qh5+ Kg8 41. e8=Q+ 1-0

[Event "GBR-ch79"]
[Site "Plymouth"]
[Date "1992.08.04"]
[Round "2.8"]
[White "Rossiter, Philip J"]
[Black "Martin, Andrew D"]
[Result "1/2-1/2"]
[WhiteElo "2280"]
[BlackElo "2420"]
[PlyCount "103"]
[EventDate "1992.08.03"]
[EventType "swiss"]
[EventRounds "11"]
[EventCountry "GBR"]
[SourceTitle "BritBase"]
[Source "John Saunders"]
[SourceDate "2020.10.09"]
[SourceVersion "1"]
[SourceVersionDate "2020.10.09"]
[SourceQuality "1"]

1. d4 Nf6 2. Nf3 e6 3. c4 c5 4. g3 cxd4 5. Nxd4 d5 6. Bg2 e5 7. Nf3 d4 8. O-O
Nc6 9. e3 Bc5 10. exd4 exd4 11. Bf4 O-O 12. Nbd2 Re8 13. Nb3 Qb6 14. Nxc5 Qxc5
15. Qb3 a6 16. Rfe1 Be6 17. Qxb7 Ra7 18. Qb3 Rae7 19. Rac1 h6 20. Ne5 Na5 21.
Qc2 Bc8 22. Nd3 Rxe1+ 23. Nxe1 Bf5 24. Qd1 Nxc4 25. b3 Nb2 26. Rxc5 Nxd1 27.
Nf3 Bg6 28. Rc1 Nc3 29. Nxd4 Nxa2 30. Ra1 Nb4 31. Bd2 Nc2 32. Nxc2 Bxc2 33. Be3
Bxb3 34. Rxa6 Ng4 35. Ra8 Rxa8 36. Bxa8 Nxe3 37. fxe3 Kf8 38. Kf2 Ke7 39. Kf3
Kd6 40. Ke4 Ba4 41. Kd4 Bc6 42. Bxc6 Kxc6 43. e4 f6 44. e5 f5 45. h4 g5 46.
hxg5 hxg5 47. e6 Kd6 48. e7 Kxe7 49. Ke5 f4 50. gxf4 g4 51. Ke4 Kf6 52. f5
1/2-1/2